Normal view
MARC view
- ইসতিয়াক হোসেন ও শাহনাজ পারভীন
Entry Personal Name
001 - CONTROL NUMBER
- control field: 5532
003 - CONTROL NUMBER IDENTIFIER
- control field: OSt
005 - DATE AND TIME OF LATEST TRANSACTION
- control field: 20231010060614.0
008 - FIXED-LENGTH DATA ELEMENTS
- fixed length control field: 231010|| aca||aabn | a|a d
040 ## - CATALOGING SOURCE
- Original cataloging agency: OSt
- Transcribing agency: OSt
100 ## - HEADING--PERSONAL NAME
- Personal name: ইসতিয়াক হোসেন ও শাহনাজ পারভীন
670 ## - SOURCE DATA FOUND
- Source citation: Work cat.: (OSt)3161: হোসেন, ইসতিয়াক ব্যারিস্টার 5531, চুক্তি ও টর্ট আইন/ , c2007
